Most Streamed Dr. Dre Songs - Statistics

General Stats
  • This quiz has been taken 78 times
  • The average score is 8 of 20
Answer Stats
# Streams Answer % Correct
1 1,774,886,040 Still D.R.E.
100%
4 1,011,426,241 Forgot About Dre
86%
2 1,265,906,385 The Next Episode
86%
7 549,466,037 Nuthin' But A "G" Thang
80%
6 550,063,775 What's The Difference
59%
3 1,030,324,950 California Love
48%
8 387,465,921 I Need A Doctor
41%
15 194,790,329 The Watcher
41%
11 319,919,028 Xxplosive
41%
13 251,203,765 The Recipe - Bonus Track
39%
9 346,655,130 Crack A Bottle
34%
10 328,547,137 Bitch Please II
30%
14 206,826,088 Guilty Conscience
30%
5 988,745,007 No Diggity
25%
20 100,117,281 Compton
20%
17 132,260,043 Fuck You
18%
12 270,702,198 Keep Their Heads Ringin'
18%
16 163,096,747 Kush - Main
16%
18 112,671,554 Gospel
9%
19 111,715,853 Hello
9%
No matching quizzes found
Score Distribution
Percent of People with Each Score
Percentile by Number Answered
Your Score History
You have not taken this quiz